000 00886cam a22002651 4500
001 sa 64005699
003 DLC
005 20260227112034.0
008 800606s1964 ii c b 000 0 eng
010 _asa 64005699
025 _aPL480: I-E-3005
035 _a(OCoLC)6395720
040 _aDLC
_cNIC
_dDLC
042 _apremarc
050 0 0 _aDS335
_b.S63 vol. 1
100 1 _aNoelle, Wilfried.
245 0 0 _aHelmuth von Glasenapp, interpreter of Indian thought,
_cby Wilfried Noelle. With a pref. by Zakir Husain.
260 _a[New Delhi,
_bMax Mueller Bhavan,
_c1964]
300 _a108 p.
_bport.
_c20 cm.
490 1 _aMax Mueller Bhavan. Publications. South Asian studies [1]
504 _aBibliography: p. 67-76.
600 1 0 _aGlasenapp, Helmuth von,
_d1891-1963.
810 2 _aMax Mueller Bhavan (New Delhi, India).
_tPublications.
830 0 _aSouth Asian studies ;
_v1.
999 _c59271
_d59271